000
00350nam a2200157Ia 4500
005
20250603145742.0
008
250603s9999 xx 000 0 und d
020
_a
978303698x
050
_a
PN 4781 .A66/
100
_a
Apooyin, Biodun
245
0
_a
Specialized reporting
250
_a
2nd ed.
260
_c
2011
300
_a
162 p
942
_c
BK
999
_c
42750
_d
42750